00497cam a2200145 450000500170000000800410001705000190005811000870007724500780016426000380024230000150028050000150029565000160031070000250032620160810135357.0 1963 eng  4aQH607bS9 19632 aSymposium the society for the of Development and Grow (1962 : Asilomar California) 0aCytodifferentiation and macromolecular Synthesis /ced. by Michael Locke. aNew York :bAcademia Press,c1963 axi, 273 p. a1 ejemplar 4aCitología1 aLocke, Michael,eed.